[Event "Euskadi-chTB"]
[Site "Euskadi"]
[Date "2001.01.27"]
[Round "7"]
[White "Cuesta Calzada, Fernando"]
[Black "Kovacs Megyeri, Esteban"]
[Result "1-0"]
[WhiteElo "2001"]
[BlackElo "1905"]
[PlyCount "91"]
[EventDate "2000.11.18"]
[EventType "team"]
[EventRounds "9"]
[EventCountry "ESP"]
[SourceTitle "EXT 2006"]
[Source "ChessBase"]
[SourceDate "2005.11.24"]
[SourceVersion "1"]
[SourceVersionDate "2005.11.24"]
[SourceQuality "1"]

1. d4 d5 2. c4 e6 3. Nc3 c6 4. e3 Nf6 5. Nf3 Be7 6. Bd3 Nbd7 7. c5 Qc7 8. b4 e5 9. Be2 e4 10. Nd2 Nf8 11. f3 exf3 12. Nxf3 Ng6 13. Qc2 0-0 14. 0-0 Re8 15. Bd3 Bg4 16. Bf5 Bxf5 17. Qxf5 Qc8 18. Qxc8 Raxc8 19. Bd2 Bd8 20. a4 h6 21. Rad1 Ne4 22. Nxe4 Rxe4 23. b5 Bf6 24. Rb1 Rc7 25. bxc6 bxc6 26. Rb8+ Kh7 27. Rfb1 Re6 28. Kf2 Nh4 29. Nxh4 Bxh4+ 30. g3 Bf6 31. a5 Rce7 32. Kf3 Bg5 33. R1b3 Rf6+ 34. Ke2 Rfe6 35. a6 Kg6 36. R8b7 h5 37. h4 Bf6 38. Kf3 Kf5 39. Ba5 g5 40. Bd8 Re8 41. Bxf6 g4+ 42. Ke2 Kxf6 43. Rxa7 R6e7 44. Rxe7 Kxe7 45. Rb7+ Ke6 46. Rc7 1-0

[Event "Euskadi-chTB"]
[Site "Euskadi"]
[Date "2000.12.16"]
[Round "4"]
[White "Cuesta Calzada, Fernando"]
[Black "Alonso Arburu, Jose Maria"]
[Result "1-0"]
[WhiteElo "2001"]
[BlackElo "2235"]
[PlyCount "93"]
[EventDate "2000.11.18"]
[EventType "team"]
[EventRounds "9"]
[EventCountry "ESP"]
[SourceTitle "EXT 2006"]
[Source "ChessBase"]
[SourceDate "2005.11.24"]
[SourceVersion "1"]
[SourceVersionDate "2005.11.24"]
[SourceQuality "1"]

1. d4 d5 2. c4 e6 3. Nc3 Nf6 4. a3 dxc4 5. e4 Nc6 6. e5 Nd5 7. Bxc4 Nb6 8. Bb5 a6 9. Bxc6+ bxc6 10. Nf3 c5 11. Bg5 Qd7 12. dxc5 Nd5 13. Nxd5 exd5 14. b4 a5 15. 0-0 h6 16. Bh4 g5 17. Bg3 Bg7 18. Nd4 c6 19. e6 fxe6 20. Nxe6 Qxe6 21. Re1 Bxa1 22. Rxe6+ Bxe6 23. Qxa1 Kf7 24. b5 cxb5 25. h4 b4 26. Be5 Rhg8 27. axb4 axb4 28. Qd1 Ke7 29. Qh5 gxh4 30. Qxh4+ Kd7 31. Qxh6 Rae8 32. Bd6 Kc6 33. Qh7 Bd7 34. f3 Re1+ 35. Kf2 Rge8 36. Qd3 Ra1 37. Qb3 d4 38. Qxb4 Ra2+ 39. Kg3 Rg8+ 40. Kf4 Rgxg2 41. Qxd4 Bc8 42. Qe4+ Kd7 43. Qe7+ Kc6 44. Qc7+ Kd5 45. Qxc8 Ra4+ 46. Kf5 Ra7 47. Qe6+ 1-0